000 00515nam a2200181Ia 4500
003 GCL
008 140319s9999 xx 000 0 ara d
040 _aGCL /
_cGCL
082 0 4 _aد
_b050
100 1 _aعبدالعزيز كامل
245 1 0 _aخطوات نحو القدس ( اقرا 394 ) /
_cعبدالعزيز كامل
300 _a216 ص
490 _aوثائق ونصوص
_v0
650 0 4 _aالاماكن المقدسة
650 0 4 _aالقدس
650 0 4 _aالقدس - تاريخ
942 _2ddc
_cCF
999 _c27344
_d27344